00462 a2200121 4500001001000000005001700010008004100027245008700068100003900155700002000194773010900214999001700323ART_1076820260410161854.0260409a 10aEl derecho transitorio en el Proyecto de la reforma del Código Civil y Comercial1 aRodriguez Pería, María Eugenia1 aKandus, Cecilia0 tDerecho privadogReforma del Código Civil I. Aspectos generales - Año I, Nº 2 (sep. 2012)wREV10455 c25297d25297